000 00208 a2200097 4500
001 11792
100 _aManners, R. Duffy, J
245 _aAfrica speaks
260 _a
_bD van nostrand
_c
090 _c9048
_d9048
942 _aNUST-CAE
_cM
_c35876
999 _c246865
_d246865